Les cartes du crime (notice n° 1970070)

détails MARC
000 -LEADER
fixed length control field 01142cam a2200133 4500500
005 - DATE AND TIME OF LATEST TRANSACTION
control field 20260329035423.0
041 ## - LANGUAGE CODE
Language code of text/sound track or separate title fre
042 ## - AUTHENTICATION CODE
Authentication code dc
100 10 - MAIN ENTRY--PERSONAL NAME
Personal name Besson, Jean-Luc
Relator term author
245 00 - TITLE STATEMENT
Title Les cartes du crime
260 ## - PUBLICATION, DISTRIBUTION, ETC.
Name of publisher, distributor, etc. Presses Universitaires de France,<br/>
Date of publication, distribution, etc. 2005.<br/>
520 ## - SUMMARY, ETC.
Summary, etc. Née en France dans les années 1830, la cartographie criminelle estsingulièrement absente du débat actuel sur le crime. Et pourtant l’utilisation de l’information géographique est devenu un facteur clef dans la stratégie globale de lutte contre le crime. Son utilisation a été développée à New York et a contribué à faire baisser le taux de criminalité. Cet ouvrage se veut une étude sur les méthodes de la cartographie criminelle. Fixant dans l’espace et dans le temps les actes criminels recensés, comparant les données issues d’autres institutions, intégrant les évolutions et mutations des modes opératoires, la cartographie devient un outil essentiel de la police actuelle et du contrôle de ses activités.
856 41 - ELECTRONIC LOCATION AND ACCESS
Uniform Resource Identifier <a href="https://shs.cairn.info/les-cartes-du-crime--9782130547983?lang=fr&redirect-ssocas=7080">https://shs.cairn.info/les-cartes-du-crime--9782130547983?lang=fr&redirect-ssocas=7080</a>

Pas d'exemplaire disponible.

PLUDOC

PLUDOC est la plateforme unique et centralisée de gestion des bibliothèques physiques et numériques de Guinée administré par le CEDUST. Elle est la plus grande base de données de ressources documentaires pour les Étudiants, Enseignants chercheurs et Chercheurs de Guinée.

Adresse

627 919 101/664 919 101

25 boulevard du commerce
Kaloum, Conakry, Guinée

Réseaux sociaux

Powered by Netsen Group @ 2025